Fiškálna politika v otvorenej ekonomike Makroregulácia štrukturálnych zmien. 2. etapa

Saved in:
Bibliographic Details
Main Author: Kačurová, Mária
Other Authors: Vitálošová, Emília
Format: Book
Language:Slovak
Published: Bratislava VÚNH EU 1992
Subjects:
Tags: Add Tag
No Tags, Be the first to tag this record!

MARC

LEADER 00000nam a2200000 4500
001 c005527
005 20250515111005.1
041 0 |a slo 
044 |a SK 
245 1 0 |a Fiškálna politika v otvorenej ekonomike  |b Makroregulácia štrukturálnych zmien. 2. etapa  |c Mária Kačurová, Emília Vitálošová 
264 1 |a Bratislava  |b VÚNH EU  |c 1992 
300 |a 27 s. 
610 2 0 |a politika fiškálna 
610 2 0 |a hospodárstvo otvorené 
610 2 0 |a kurz menový 
610 2 0 |a rozpočet štátny 
610 2 0 |a modely ekonomické 
610 2 0 |a multiplikátor 
610 2 0 |a zmeny štruktúrne 
100 1 |a Kačurová, Mária 
700 1 |a Vitálošová, Emília